Učet material'nych reursov sel'skochozjajstvennogo predprijatija s ispol'zovanijem EVM

Guardado en:
Detalles Bibliográficos
Autor principal: Archipov, Petr Kondrat'jevič
Otros Autores: Buševic, Dajna Cherbertovna, Gejman, Boris Moisejevič
Formato: Libro
Lenguaje:ruso
Publicado: Moskva Finansy i statistika 1986
Edición:1. izd.
Etiquetas: Agregar Etiqueta
Sin Etiquetas, Sea el primero en etiquetar este registro!

MARC

LEADER 00000nam a2200000 4500
001 c030253
005 20250820071426.7
041 0 |a rus 
044 |a RU 
245 1 0 |a Učet material'nych reursov sel'skochozjajstvennogo predprijatija s ispol'zovanijem EVM  |c Petr Kondrat'jevič Archipov, Dajna Cherbertovna Buševic, Boris Moisejevič Gejman 
250 |a 1. izd. 
264 1 |a Moskva  |b Finansy i statistika  |c 1986 
300 |a 118 s. 
100 1 |a Archipov, Petr Kondrat'jevič 
700 1 |a Buševic, Dajna Cherbertovna 
700 1 |a Gejman, Boris Moisejevič